00000000cam 2200000zi 4500
0019.957906
003CaOODSP
00520260605141351
006m     o  d f      
007cr |n|||||||||
008251202s1994    onc     o    f000 0 eng d
040 |aCaOODSP|beng|erda|cCaOODSP
043 |an-cn---
0861 |aJS82-108/1994E-PDF
24504|aThe correctional strategy.
264 1|a[Ottawa] : |bCorrectional Service of Canada = Service correctionnel Canada, |c[1994]
300 |a1 online resource (12 pages)
336 |atext|btxt|2rdacontent
337 |acomputer|bc|2rdamedia
338 |aonline resource|bcr|2rdacarrier
500 |aDigitized edition from print [produced by Public Safety Canada].
500 |aIssued also in French under title: La stratégie correctionnelle.
61020|aCorrectional Service Canada|xManagement.
650 0|aCorrections|xGovernment policy|zCanada.
7102 |aCorrectional Service Canada, |eissuing body
77508|tLa stratégie correctionnelle.|w(CaOODSP)9.963345
85640|qPDF|s284 KB|uhttps://publications.gc.ca/collections/collection_2026/sp-ps/JS82-108-1994-eng.pdf